| 000 | 00000nam##2200000za#4500 |
| 001 | 9.567618 |
| 003 | CaOODSP |
| 005 | 20210624180848 |
| 007 | cr ||||||||||| |
| 008 | 150406|1998||||xxc|||||o f|0| 0 eng|d |
| 040 | |aCaOODSP|beng |
| 043 | |an-cn--- |
| 086 | 1 |aBT31-2/1999-III-1E-PDF |
| 110 | 1 |aCanada. |bTreasury Board. |
| 245 | 10|aAgriculture and Agri-food Canada, 1998-99 estimates, a report on plans and priorities |h[electronic resource] |
| 260 | |aOttawa - Ontario : |bTreasury Board of Canada Secretariat |cc1998. |
| 300 | |a45p.|borganization chart, tables |
| 490 | 1 |a1998-99 estimates. Part III, Report on plans and priorities |v1998-99 |
| 500 | |aThe catalogue number (BT31-2/1999-III-13) and ISBN (0-660-60071-4) copied in this publication are incorrect. |
| 590 | |a10-09-Supp|b2010-11-02 |
| 775 | 08|tAgriculture et Agroalimentaire Canada, budget des dépenses 1998-1999, rapport sur les plans et les priorités |w(CaOODSP)9.598946 |
| 776 | 0#|tAgriculture et Agroalimentaire Canada |w(CaOODSP)9.530271 |
| 776 | 0#|tAgriculture and Agri-Food Canada |w(CaOODSP)9.530270 |
| 830 | #0|a1998-99 estimates. Part III, Report on plans and priorities ;|v1998-99|w(CaOODSP)9.505714 |
| 856 | 40|ahttp://publications.gc.ca|qPDF|s488 KB|uhttps://publications.gc.ca/collections/Collection/BT31-2-1999-III-1E.pdf|y1998-99 |